[Event "Wch U10 Girls"]
[Site "Batumi"]
[Date "2022.09.25"]
[Round "9"]
[White "Gaer, Sofiya Ig"]
[Black "Hu, Ruyi"]
[Result "0-1"]
[WhiteElo "1157"]
[BlackElo "1399"]
[PlyCount "34"]
[EventDate "2022.09.16"]
[EventType "swiss"]
[EventRounds "11"]
[EventCountry "GEO"]
[SourceTitle "EXT 2023"]
[Source "ChessBase"]
[SourceDate "2022.10.05"]
[SourceVersion "1"]
[SourceVersionDate "2022.10.05"]
[SourceQuality "1"]

1. e4 c5 2. Nf3 d6 3. d4 cxd4 4. Qxd4 Nc6 5. Bb5 Bd7 6. Bxc6 bxc6 7. 0-0 c5 8. Qd3 Nf6 9. e5 dxe5 10. Nxe5 a6 11. Rd1 h6 12. Ng6 c4 13. Qg3 Nh5 14. Qh4 fxg6 15. Qe4 Kf7 16. Qxc4+ e6 17. Nc3 Nf6 0-1

[Event "Wch U10 Girls"]
[Site "Batumi"]
[Date "2022.09.20"]
[Round "5"]
[White "Dabrowska, Ewa"]
[Black "Hu, Ruyi"]
[Result "1-0"]
[WhiteElo "1067"]
[BlackElo "1399"]
[PlyCount "59"]
[EventDate "2022.09.16"]
[EventType "swiss"]
[EventRounds "11"]
[EventCountry "GEO"]
[SourceTitle "EXT 2023"]
[Source "ChessBase"]
[SourceDate "2022.10.05"]
[SourceVersion "1"]
[SourceVersionDate "2022.10.05"]
[SourceQuality "1"]

1. c4 e5 2. Nc3 Nc6 3. Nf3 Nf6 4. e3 d5 5. cxd5 Nxd5 6. Bb5 Ndb4 7. Nxe5 Bd7 8. Nxd7 Qxd7 9. d4 a6 10. Ba4 b5 11. Bb3 Na5 12. Bc2 Nxc2+ 13. Qxc2 Be7 14. Qe4 0-0 15. 0-0 Rfe8 16. Qf3 Nc6 17. b3 Nb4 18. Qe2 c5 19. Rd1 Bf6 20. dxc5 Qf5 21. Bb2 Qxc5 22. Rac1 Qe5 23. Na4 Qg5 24. Bxf6 Qxf6 25. Nc5 Red8 26. a3 Nd5 27. Qc2 Nc3 28. Nd7 Qe7 29. Qxc3 f6 30. Nb6 1-0

[Event "Wch U10 Girls"]
[Site "Batumi"]
[Date "2022.09.17"]
[Round "2"]
[White "Tileuzhan, Aizhan"]
[Black "Hu, Ruyi"]
[Result "1/2-1/2"]
[WhiteElo "1028"]
[BlackElo "1399"]
[PlyCount "52"]
[EventDate "2022.09.16"]
[EventType "swiss"]
[EventRounds "11"]
[EventCountry "GEO"]
[SourceTitle "EXT 2023"]
[Source "ChessBase"]
[SourceDate "2022.10.05"]
[SourceVersion "1"]
[SourceVersionDate "2022.10.05"]
[SourceQuality "1"]

1. e4 c5 2. Be2 d6 3. Nf3 Nc6 4. 0-0 Nf6 5. Nc3 g6 6. d3 Bg7 7. Be3 0-0 8. Qd2 Bd7 9. Bh6 a6 10. Bxg7 Kxg7 11. d4 cxd4 12. Nxd4 b5 13. Nf3 Qb6 14. Rfd1 Nd4 15. Qxd4 Qxd4 16. Nxd4 Bg4 17. Bxg4 Nxg4 18. a4 Ne5 19. Rd2 b4 20. Nd5 Nc4 21. Rd3 a5 22. Rad1 Rac8 23. R3d2 Rb8 24. f4 b3 25. g4 bxc2 26. Rxc2 Rbc8 1/2-1/2